Länder mit Amtssprache Französisch - Statistiken

Allgemein
  • Dieses Quiz wurde 58 mal gespielt
  • Das Durchschnittsergebnis liegt bei 16 aus 26
Antwortstatistiken
Kontinent # Land % Korrekt
Europa 1 Frankreich
100%
Europa 3 Belgien
94%
Europa 4 Schweiz
88%
Europa 3 Luxemburg
86%
Nordamerika 2 Kanada
84%
Europa 1 Monaco
78%
Afrika 1 Rep. Kongo
72%
Afrika 1 Senegal
72%
Afrika 2 Kamerun
68%
Afrika 1 Elfenbeinküste
66%
Afrika 1 Guinea
66%
Afrika 1 Togo
64%
Afrika 1 Benin
58%
Afrika 3 Äquatorialguinea
54%
Nordamerika 2 Haiti
54%
Afrika 2 Madagaskar
54%
Afrika 1 Gabun
50%
Afrika 2 Tschad
50%
Afrika 4 Ruanda
48%
Afrika 3 Komoren
44%
Afrika 2 ZAR
44%
Afrika 2 Dschibuti
40%
Afrika 3 Seychellen
40%
Australien u. O. 3 Vanuatu
40%
Afrika 3 Burundi
38%
Afrika 1 DR Kongo
20%
Keine übereinstimmenden Quizze gefunden
Verteilung der Resultate
Anzahl Personen mit jedem Resultat
Perzentil nach korrekt beantworteten Fragen
Ihre Resultats-Entwicklung
Sie haben dieses Quiz noch nicht gespielt